| 000 | 01085nam0a22002651 4500 | ||
|---|---|---|---|
| 001 | rc\937114 | ||
| 005 | 20250622050708.0 | ||
| 035 | _a(NLR Aleph) 006109879 | ||
| 090 |
_a5347519 _c5347519 |
||
| 100 | _a20041129d1982 |||y0rusy50 ca | ||
| 101 | 0 | _arus | |
| 102 | _aRU | ||
| 105 | _aa ||||||||| | ||
| 200 | 1 |
_aГеология и нефтегазоносность платформ и краевых прогибов _eИзбр. тр. |
|
| 210 |
_aМ. _cНаука _d1982 |
||
| 215 |
_a271 с., 1 л. портр. _d22 |
||
| 300 | _aВ надзаг.: Ин-т геологии и разраб. горючих ископаемых | ||
| 320 | _aСписок науч. тр. М.И. Варенцова, и лит. о нем / Сост. О.М. Варенцовой: с. 258-270 | ||
| 700 | 1 |
_4070 _7ca _8rus _aВаренцов _bМ. И. _cд-р геол.-минерал. наук _f1902-1977 _gМихаил Иванович _9270639 _3RU\NLR\AUTH\770270695 |
|
| 801 | 0 |
_aRU _bNLR _gpsbo |
|
| 801 | 1 |
_aRU _bELAR _2rusmarc |
|
| 852 |
_aNLR _j82-5/3196 |
||
| 942 | _cBOOK | ||
| 980 | _aNB | ||